000 00808cab a2200265 4500
001 ABS46804
008 090401t1992 xxu||||| |||| 00| 0 eng d
035 _a(Sirsi) u59528
041 _aeng
100 _aBowhill, A.
245 _aDevelopment plans
260 _c1992
350 _a0
490 _aLaw Society`s Gazette
_v(25) 1 July 1992, 24-27(4)
520 _aConsiders the influence mandatory development plans will have on future planning procedures. Refers to planning appeal decisions.
650 _aDEVELOPMENT PLANS
650 _aMANDATORY
650 _aPLANNING AND COMPENSATION ACT 1991 S26
650 _aPLANNING PROCEDURE
650 _aPPG12
650 _aTOWN AND COUNTRY PLANNING ACT 1990 S54A
690 _aPLANNING LAW AND PRACTICE
942 _n0
948 _c04/03/1997
999 _c36527
_d36527